Pla estratègic de participació ciutadana de Sant Celoni / Equip Arpa
Descripción Física:
85 p. : gràf. ; 29 cm
Otros Autores:
Sant Celoni. Àrea de Participació Ciutadana
MARC
| LEADER | 00000nam a2200000Ia 4500 | ||
|---|---|---|---|
| 001 | 22467 | ||
| 003 | BGR | ||
| 005 | 20260324180132.0 | ||
| 008 | 160829s2003 xx 000 0 cat d | ||
| 080 | |a M-6-330 | ||
| 110 | 2 | |a Equip Arpa |9 70761 | |
| 245 | |a Pla estratègic de participació ciutadana de Sant Celoni / Equip Arpa | ||
| 260 | |a Sant Celoni : |b Ajuntament de Sant Celoni. Àrea de Participació Ciutadana, |c 2003 | ||
| 300 | |a 85 p. : |b gràf. ; |c 29 cm | ||
| 590 | |a Amb el suport de la Diputació de Barcelona. | ||
| 590 | |a A la part superior de la portada: Proposta del Pla Estratègic de Participació de Sant Celoni. | ||
| 590 | |a Prové de G-230, exp. 2 | ||
| 650 | |a Sant Celoni |x Participació ciutadana |9 47398 | ||
| 650 | |a Participació política |x Sant Celoni |9 47399 | ||
| 700 | |a Sant Celoni. Àrea de Participació Ciutadana |9 47400 | ||
| 901 | |a Arxiu | ||
| 942 | |n 1 |2 udc |c MON | ||
| 952 | |0 0 |1 0 |4 0 |6 M6330 |7 1 |9 53858 |a Arxiu |b Arxiu |d 2016-12-01 |l 0 |o M-6-330 |p 22467 |r 2016-12-01 00:00:00 |w 2016-12-01 |y ARXIU | ||
| 999 | |c 57724 |d 57724 | ||